Baby Hayabusa/FEMTOGO - Statistiques

Statistiques générales
  • Ce quiz a été pris 34 fois
  • Le résultat moyen est 20 sur 54
Statistiques - réponses
EP % Correct
Neophron
91%
SPK
82%
BERSERK
59%
Ivy
59%
MME. RIFFAUD
59%
UN AUTRE JOUR
59%
Bad
55%
Draga Daï
50%
La Bête
50%
55 WEST
45%
archives
45%
Deadly Poison Sting
45%
Scars
45%
Tuer la bête
45%
Volcano Love
45%
GEOLE
41%
RAINY DAY
41%
ADATA
36%
Daimon
36%
FRANCS-TIREURS PARTISANS
36%
JADE LA HYENE
36%
MACALLAN SPEECH
36%
NAMELESS BELLIGERENT
36%
SCOPOLAMINE
36%
SONATA
36%
4000Kestrel
32%
AL-MASADA
32%
BOCATHEVA
32%
GLAIVE
32%
Grimoire
32%
OFF ROAD
32%
O.M.A
32%
Sparadrap
32%
Vernita Green
32%
ZAGA
32%
2010
27%
ANY MERCY FORBIDDEN
27%
BLACKHAWK
27%
EDC
27%
GAISERIC
27%
LIE
27%
Madeleine
27%
SAVILE ROW
27%
Scarpakage
27%
SIEGFRIED
27%
Faded Flowers Story
23%
La mèche
23%
NEMBUTAL
23%
One man army
23%
À jamais
18%
CODE
18%
ÉPINE
18%
UNDERCOVER
18%
Nausicaa
5%
Aucun quiz correspondant
Distribution des résultats
% des personnes avec chaque résultat
Percentile par nombre de réponses
Votre historique - résultats
Vous n’avez pas pris ce quiz